000 00959nam a2200229Ia 4500
001 L420-25298
003 IT-CnALBA
008 170116s9999||||xx |||||||||||||| ||und||
040 _aIT-CnALBA
_cIT-CnALBA
041 _aINGLESE
100 _aCOMMONWEALTH OFFICE OF EDUCATION
245 0 _aLEARNING ENGLISH. A RADIO AND CORRESPONDENCE COURSE FOR NEWCOMERS.
250 _a1a ed.
260 _a SIDNEY
_bAUSTRALIAN BROADCAS. COMMISS.
_c1963 [1° Ed.:1963 - Ed.Ling.Originale: 1963]
300 _a128 p.
500 _aLIBRO B. CULTURA INGLESE. ELEMENTI DI GRAMMATICA. LEZIONI 21 40. CORSO ELEMENTARE PER CORRISPONDENZA VIA RADIO.
501 _aSocietà San Paolo EM - Piazza San Paolo, 14 - 12051 ALBA (CN) (non commercial uses only) ® Copyright 2017
520 _aLIBRO B. CULTURA INGLESE. ELEMENTI DI GRAMMATICA. LEZIONI 21 40. CORSO ELEMENTARE PER CORRISPONDENZA VIA RADIO.
650 _aLINGUA INGLESE
942 _cBK
957 _71
999 _a30075
_bNO
_g Copie: 1
_c284401
_d284401